Biggest Cities in Amazonas - Statistics

General Stats
  • This quiz has been taken 101 times
  • The average score is 9 of 18
Answers on the Map
Answers color-coded by a green-red scale on the quiz's map according to % correct below.
 
Answer Stats
Population City % Correct
2,208,330 Manaus
100%
79,020 Parintins
70%
48,520 Tefé
64%
68,780 Itacoatiara
61%
69,620 Manacapuru
57%
46,720 Tabatinga
55%
23,280 São Gabriel da Cachoeira
52%
21,880 Boca do Acre
50%
34,830 Iranduba
48%
56,150 Coari
45%
38,720 Humaitá
43%
26,480 Benjamin Constant
39%
30,100 Lábrea
36%
24,490 Manicoré
34%
25,810 Eirunepé
32%
32,160 Maués
30%
21,840 Carauari
20%
19,870 Codajás
20%
No matching quizzes found
Score Distribution
Percent of People with Each Score
Percentile by Number Answered
Your Score History
You have not taken this quiz